SMES IN ASIAN DEVELOPING COUNTRIES (Record no. 30137)
[ view plain ]
| 000 -LEADER | |
|---|---|
| fixed length control field | 00362nam a2200133Ia 4500 |
| 008 - FIXED-LENGTH DATA ELEMENTS--GENERAL INFORMATION | |
| fixed length control field | 240624s9999 xx 000 0 und d |
| 041 ## - LANGUAGE CODE | |
| Language code of text/sound track or separate title | eng |
| 082 ## - DEWEY DECIMAL CLASSIFICATION NUMBER | |
| Classification number | 658.8 TAM |
| 100 ## - MAIN ENTRY--PERSONAL NAME | |
| Personal name | TAMBUNAN TULUS TAHI HAMONANGAN |
| 245 ## - TITLE STATEMENT | |
| Title | SMES IN ASIAN DEVELOPING COUNTRIES |
| 260 ## - PUBLICATION, DISTRIBUTION, ETC. | |
| Date of publication, distribution, etc. | 2009 |
| Place of publication, distribution, etc. | London |
| Name of publisher, distributor, etc. | Palgrave Macmillan |
| 300 ## - PHYSICAL DESCRIPTION | |
| Extent | xix, 263 p.; 23 cm. |
| 365 ## - TRADE PRICE | |
| Currency code | BPS |
| Price amount | 31 |
| Withdrawn status | Lost status | Damaged status | Not for loan | Home library | Current library | Shelving location | Date acquired | Cost, normal purchase price | Full call number | Barcode | Date last seen | Copy number | Price effective from | Koha item type |
|---|---|---|---|---|---|---|---|---|---|---|---|---|---|---|
| IMTN | IMTN | Rack 36-A | 12/07/2017 | 73.00 | 658.8 TAM | 30137 | 06/24/2024 | 88 | 06/24/2024 | Books |